Giáo trình tối thiểu kĩ thuật sấy Tài liệu dùng cho sinh viên ngành kĩ thuật hóa học và chế biến thực phẩm

שמור ב:
מידע ביבליוגרפי
מחבר ראשי: Phan Văn Thơm
פורמט: ספר
שפה:Undetermined
יצא לאור: Cần Thơ Trường Đại học Cần Thơ 1989
נושאים:
תגים: הוספת תג
אין תגיות, היה/י הראשונ/ה לתייג את הרשומה!
Thư viện lưu trữ: Trung tâm Học liệu Trường Đại học Cần Thơ
LEADER 00682nam a2200193Ia 4500
001 CTU_14523
008 210402s9999 xx 000 0 und d
082 |a 641.44 
082 |b Th463 
100 |a Phan Văn Thơm 
245 0 |a Giáo trình tối thiểu kĩ thuật sấy 
245 0 |b Tài liệu dùng cho sinh viên ngành kĩ thuật hóa học và chế biến thực phẩm 
245 0 |c Phan Văn Thơm 
260 |a Cần Thơ 
260 |b Trường Đại học Cần Thơ 
260 |c 1989 
650 |a food - drying,food conservation 
904 |i Minh, 970106 
980 |a Trung tâm Học liệu Trường Đại học Cần Thơ